| 000 | 00455nam a2200193Ia 4500 | ||
|---|---|---|---|
| 003 | OSt | ||
| 005 | 20260523094954.0 | ||
| 008 | 210210b1979 xxu||||| |||| 00| 0 eng d | ||
| 040 | _cAL | ||
| 041 | _aKonkani | ||
| 082 | _a891.461 KHAK | ||
| 100 |
_aKHARANGATE (Maya Anil). _9264429 |
||
| 245 | _aKayapanji. | ||
| 260 |
_aGoa. _bApurbay Prakashan., _c1979 |
||
| 300 | _a16,64 | ||
| 690 |
_aKonkani Poetry _9264430 |
||
| 906 | _a050454 | ||
| 942 |
_2ddc _cBK |
||
| 999 |
_c98782 _d98782 |
||